| 000 | 00427nam a22001337u 4500 | ||
|---|---|---|---|
| 008 | 130405s1892 xxu||||| |||| 00| 0 spa d | ||
| 041 | _aspa | ||
| 100 | 1 |
_aJimenez, Esteban _926167 |
|
| 245 | 0 | 0 |
_aLa mujer y el derecho _b:Indicaciones históricas sobre la condicion jurídica de la mujer _cEsteban Jimenez |
| 260 |
_aSalamanca: _bImprenta y librería de Oliva, _c1892 |
||
| 300 |
_a154 p. _c;21 cm. |
||
| 942 | _cBK | ||
| 001 | 92210 | ||
| 999 |
_c249209 _d249209 |
||